000
00317nam a22001337a 4500
082
_a
894.812.1
_b
PAL/N
100
_a
PALLIPPURAM, SIPPI
245
_a
NAMMUDE NADAN PATTUKAL
260
_a
KOTTAYAM
_b
LABOUR INDIA EDUCTIONAL RESEARCH CENTRE
_c
2007
300
_a
161
520
_a
POETRY
650
_a
POETRY
942
_c
BK
999
_c
4556
_d
4556